Southville International School and Colleges
Your cart is empty.
  • Cart
  • Lists
    Public lists Eva Luna New books Lux_list list_1
    Your lists Log in to create your own lists
  • Log in to your account
  • Your cookies
  • Search history
Southville International School and Colleges
  • Advanced search
  • Recent comments
  • Most popular
  • Libraries

Log in to your account

Log in with GOOGLE


If you do not have an external account, but do have a local account, you can still log in:

  1. Home
  2. MARC view: Jose Rizal :
Normal view MARC view ISBD view

Jose Rizal : (Record no. 288665)

[ view plain ]
MARC details
000 -LEADER
fixed length control field 00531nam a22001697a 4500
003 - CONTROL NUMBER IDENTIFIER
control field PILC
005 - DATE AND TIME OF LATEST TRANSACTION
control field 20150911082820.0
008 - FIXED-LENGTH DATA ELEMENTS--GENERAL INFORMATION
fixed length control field 150911b xxu||||| |||| 00| 0 eng d
020 ## - INTERNATIONAL STANDARD BOOK NUMBER
International Standard Book Number 9710863932
050 ## - LIBRARY OF CONGRESS CALL NUMBER
Classification number DS 675.8
Item number .Z21 2003
100 ## - MAIN ENTRY--PERSONAL NAME
Personal name Zaide, Gregorio F.
245 ## - TITLE STATEMENT
Title Jose Rizal :
Remainder of title life, works and writings /
Statement of responsibility, etc Gregorio F. Zaide.
260 ## - PUBLICATION, DISTRIBUTION, ETC. (IMPRINT)
Place of publication, distribution, etc Mandaluyong City :
Name of publisher, distributor, etc National Book Store,
Date of publication, distribution, etc 2003.
300 ## - PHYSICAL DESCRIPTION
Extent xxxiii, 312 pages ;
Dimensions 24 cm.
500 ## - GENERAL NOTE
General note includes bibliographical references and index.
942 ## - ADDED ENTRY ELEMENTS (KOHA)
Source of classification or shelving scheme Library of Congress Classification
Koha item type Books
Call number prefix Filipininana
Holdings
Withdrawn status Lost status Source of classification or shelving scheme Damaged status Home library Current library Shelving location Date acquired Source of acquisition Sub Shelving location Total Checkouts Total Renewals Full call number Barcode Date last seen Date checked out Price effective from Koha item type
    Library of Congress Classification   College Library College Library Filipiniana Section 09/11/2015 Donation   17 34 DS 675.8 .Z21 2003 C20002 12/20/2024 12/09/2024 09/11/2015 Books
    Library of Congress Classification   College Library College Library Filipiniana Section 03/12/2025 Donation       DS 675.8 .Z21 2003 C19926 03/12/2025   03/12/2025 Books

Jose Rizal :

APA

Zaide G. F., . (2003). Jose Rizal. Mandaluyong City: National Book Store.

Chicago

Zaide Gregorio F, . 2003. Jose Rizal. Mandaluyong City: National Book Store.

Harvard

Zaide G. F., . (2003). Jose Rizal. Mandaluyong City: National Book Store.

MLA

Zaide Gregorio F, . Jose Rizal. Mandaluyong City: National Book Store. 2003.

  • Place hold
  • Print
  • Cite
  • Add to your cart (remove)
  • Save record
    BIBTEX Dublin Core MARCXML MARC (non-Unicode/MARC-8) MARC (Unicode/UTF-8) MARC (Unicode/UTF-8, Standard) MODS (XML) RIS
  • More searches
    Search for this title in:
    Other Libraries (WorldCat) Other Databases (Google Scholar) Online Stores (Bookfinder.com) Open Library (openlibrary.org)

Exporting to Dublin Core...

SOUTHVILLE LIBRARY

Southville International School and Colleges Library

1281 Tropical Ave. Cor. Luxembourg St., BF Homes International, Las Pinas City

Tel. No. 8256374 / 252358 Loc. 117/146

Powered by Koha